000
00262nam a2200109Ia 4500
008
190913s9999||||xx |||||||||||||| ||und||
100
_a
Patrick Carey
245
0
_a
Creating Web Pages with HTML
260
_a
UK
_b
Prentice Hall
_c
1994
300
_a
664
942
_c
BK
999
_c
8271
_d
8271